| 000 -LEADER |
| fixed length control field |
00628cam a2200193 i 4500 |
| 020 ## - INTERNATIONAL STANDARD BOOK NUMBER |
| ISBN |
9789996350658 |
| 040 ## - CATALOGING SOURCE |
| Transcribing agency |
JNA |
| 082 ## - DEWEY DECIMAL CLASSIFICATION NUMBER |
| Classification number |
333 RLN 2010 A118 Or. |
| 245 00 - TITLE STATEMENT |
| Title |
Social landscapes and rural livelihoods : |
| Remainder of title |
Cambodian communities in transition / |
| 246 30 - VARYING FORM OF TITLE |
| Title proper/short title |
Cambodian communities in transition |
| 300 ## - PHYSICAL DESCRIPTION |
| Number of Pages |
250 pages ; |
| Dimensions |
25 cm |
| 650 #0 - SUBJECT ADDED ENTRY--TOPICAL TERM |
| Topical Term |
Community development |
| 650 #0 - SUBJECT ADDED ENTRY--TOPICAL TERM |
| Topical Term |
Natural resources |
| 650 #0 - SUBJECT ADDED ENTRY--TOPICAL TERM |
| Topical Term |
Protected areas |
| 650 #0 - SUBJECT ADDED ENTRY--TOPICAL TERM |
| Topical Term |
Rural population |
| 710 2# - ADDED ENTRY--CORPORATE NAME |
| Corporate name or jurisdiction name as entry element |
Cambodia Rural Livelihoods and Natural Resources Development Research Programme, |
| 710 2# - ADDED ENTRY--CORPORATE NAME |
| Corporate name or jurisdiction name as entry element |
Learning Institute (Cambodia), |
| 942 ## - ADDED ENTRY ELEMENTS (KOHA) |
| Koha item type |
ឯកសារស្រាវជ្រាវ |
| 952 ## - LOCATION AND ITEM INFORMATION (KOHA) |
| Withdrawn status [LOCAL, KOHA] |
0 |